Charakteristiky sietí malého sveta

Uložené v:
Podrobná bibliografia
Hlavný autor: Kompas, Šimon, 1991- (Autor)
Ďalší autori: Kosková, Gabriela, 1975- (Vedúci práce)
Médium: Rukopis Kniha
Jazyk:Slovak
Vydavateľské údaje: Bratislava : STU v Bratislave FIIT, 2013
Predmet:
On-line prístup:VAIS
Tagy: Pridať tag
Žiadne tagy, Buďte prvý, kto otaguje tento záznam!

MARC

LEADER 00000ntm a22000003a 4500
001 stu275770
005 20150617230236.0
008 131005s2013----xo------------------slo-d
040 |a STU  |b slo 
041 0 |a slo 
044 |a xo 
100 1 |a Kompas, Šimon,  |d 1991-  |4 aut  |u I  |T FIIT Fakulta informatiky a informačných technológií  |X 5686  |U I  |Y 70  |7 A000005686 
242 0 0 |a Characteristics of small-world networks  |y eng 
245 1 |a Charakteristiky sietí malého sveta 
260 |a Bratislava :  |b STU v Bratislave FIIT,  |c 2013 
300 |a 68 s  |c príl. 
650 7 |a informatika  |2 stusub 
650 7 |a Informatics  |2 estusub 
700 1 |a Kosková, Gabriela,  |d 1975-  |4 ths  |u I200  |U FIIT Fakulta informatiky a informačných technológií  |T FIIT Ústav informatiky a softvérového inžinierstva  |X 1837  |U I200  |Y 179  |7 1837 
856 4 |a info a plný text  |u http://is.stuba.sk/zp/portal_zp.pl?podrobnosti=77689  |3 VAIS 
996 |b IBAP112/13  |c I*BAP112/13  |l II680  |s A  |a 24  |w stu275770_0001